Oscuro bosque oscuro : (Registro nro. 6424)
[ vista simple ]
| 000 -LEADER | |
|---|---|
| fixed length control field | 01226nam a22002657a 4500 |
| 003 - CONTROL NUMBER IDENTIFIER | |
| control field | OSt |
| 005 - DATE AND TIME OF LATEST TRANSACTION | |
| control field | 20250505122747.0 |
| 008 - FIXED-LENGTH DATA ELEMENTS--GENERAL INFORMATION | |
| fixed length control field | 200203s2010 ck ||||er|||| 00| f spa d |
| 020 ## - INTERNATIONAL STANDARD BOOK NUMBER | |
| International Standard Book Number | 9789588294803 |
| 040 ## - CATALOGING SOURCE | |
| Original cataloging agency | CO-JMCR |
| Transcribing agency | CO-JMCR |
| 041 0# - LANGUAGE CODE | |
| Language code of text/sound track or separate title | spa |
| 082 04 - DEWEY DECIMAL CLASSIFICATION NUMBER | |
| Classification number | A-N |
| Item number | VOLo |
| Edition number | 23 |
| 100 1# - MAIN ENTRY--PERSONAL NAME | |
| Personal name | Volpi, Jorge, |
| Relator term | autor |
| 9 (RLIN) | 135 |
| 245 10 - TITLE STATEMENT | |
| Title | Oscuro bosque oscuro : |
| Remainder of title | una historia de terror / |
| Statement of responsibility, etc. | Jorge Volpi |
| 250 ## - EDITION STATEMENT | |
| Edition statement | 1a. edición |
| 260 ## - PUBLICATION, DISTRIBUTION, ETC. | |
| Place of publication, distribution, etc. | Barcelona ; Bogotá : |
| Name of publisher, distributor, etc. | Ediciones B, |
| Date of publication, distribution, etc. | 2010. |
| 300 ## - PHYSICAL DESCRIPTION | |
| Extent | 125 páginas ; |
| Dimensions | 21 cm. |
| 490 0# - SERIES STATEMENT | |
| Series statement | Narrativa |
| 500 ## - GENERAL NOTE | |
| General note | Incluye notas biográficas del autor en solapa. |
| 520 ## - SUMMARY, ETC. | |
| Summary, etc. | Relata un suceso histórico y consuma la ficción entrelazando episodios de los cuentos de antaño. La barbarie azota Europa y un grupo de humildes ancianos: panaderos, comerciantes, policías pensionados, son entrenados por agentes de un poder macabro en las entrañas de un oscuro bosque(¿una metáfora del nazismo?) para matar "insectos". La narración en verso nos involucra en el horror de la guerra, máxima degradación de la condición humana. |
| 650 14 - SUBJECT ADDED ENTRY--TOPICAL TERM | |
| Topical term or geographic name entry element | Novela adulto |
| 9 (RLIN) | 136 |
| 650 14 - SUBJECT ADDED ENTRY--TOPICAL TERM | |
| Topical term or geographic name entry element | Novela mexicana |
| General subdivision | terror |
| 9 (RLIN) | 137 |
| 650 14 - SUBJECT ADDED ENTRY--TOPICAL TERM | |
| Topical term or geographic name entry element | Novela histórica |
| General subdivision | terror |
| 9 (RLIN) | 186 |
| 942 ## - ADDED ENTRY ELEMENTS (KOHA) | |
| Source of classification or shelving scheme | Dewey Decimal Classification |
| Koha item type | Books |
| Withdrawn status | Lost status | Source of classification or shelving scheme | Damaged status | Not for loan | Collection code | Home library | Current library | Shelving location | Date acquired | Source of acquisition | Cost, normal purchase price | Total Checkouts | Full call number | Barcode | Date last seen | Date last checked out | Copy number | Price effective from | Koha item type |
|---|---|---|---|---|---|---|---|---|---|---|---|---|---|---|---|---|---|---|---|
| Dewey Decimal Classification | Fiction | Biblioteca Pública José María del Castillo y Rada | Biblioteca Pública José María del Castillo y Rada | Fiction | 12/19/2019 | Donación | 0.00 | 2 | A-N VOLo | 201809620 | 06/20/2023 | 06/16/2023 | Ej.1 | 02/03/2020 | Books |